000 00346nam a22001457a 4500
020 _a8180300684
040 _cNUST
082 _a515
_bKUM
100 _aDr. Sunil Kumar
_9125103
245 _aAdvanced Calculus
250 _aVolume-2
260 _aIndia:
_bCampus Books International,
_c2005.
650 _2Advanced Calculus
942 _2ddc
_cBK
999 _c610860
_d610860